| 000 | 00319nam a2200097Ia 4500 | ||
|---|---|---|---|
| 082 | _a381.1 ACKE | ||
| 245 | 0 | _aA sprat to catch a mackerel : key principles to build your business | |
| 100 |
_a ACKERMAN, Raymond Jeppestown [South Africa], 2010 _925374 |
||
| 942 | _cBK | ||
| 008 | 210817s9999 xx 000 0 und d | ||
| 999 |
_c255839 _d255838 |
||